000 00842nam a2200241 a 4500
001 40838
003 (BD-RJUL)
005 20211209053302.0
008 160510s1937 enkb 001 0 eng d
035 _a40953
040 _aBD-RjUL
_beng
_cBD-RjUL
041 _aeng
082 _223
_a340.52
_bMEL 1937
100 1 _aMeek, C. K.
_q(Charles Kingsley),
_d1885-1965
_9125670
245 1 0 _aLaw and Authority in a Nigerian tribe :
_ba study in indirect rule /
_cby C. K. Meek ; with a foreword by Lord Lugard
260 _aOxford University Press :
_bLondon,
_c1937
300 _axvi, 372 p., [1] folded leaf :
_bmap ;
_c22 cm.
504 _aIncludes bibliographical footnotes and index.
650 0 _aIgbo (African people)
_9125671
650 0 _aEthnology
_zNigeria.
_9125672
650 0 _aLaw, Primitive
_zNigeria.
_9125673
942 _2ddc
_cBK
999 _c40838
_d40838